000 00475nam a2200193Ia 4500
005 20240823040747.0
008 240823s9999||||xx |||||||||||||| ||und||
020 _a978-0-19-807600-1
041 _aENGLISH
082 _A891.444 Q3
100 _aUma das Gupta
245 0 _aRabindranath Tagore an illostrated life
250 _a1st
260 _c2013
_bOxford University
_aNew Delhi
500 _aYES
650 _aGeneral
_bGeneral
942 _cBK
999 _c203883
_d203883